| 000 | 01891nam a2200313 i 4500 | ||
|---|---|---|---|
| 001 | 16241 | ||
| 003 | DO-SdUEMH | ||
| 005 | 20260115145138.0 | ||
| 007 | ta | ||
| 008 | 211105s2001||||dr |||gr|||| 0|| |dspa d | ||
| 020 | _a9789993468479 | ||
| 040 |
_aDO-SdUEMH _bspa _erda |
||
| 041 | _aspa | ||
| 082 | 1 | 4 |
_aRD340.56 R763T 2001 _mRD _bR763 |
| 084 | _b08-00318 | ||
| 100 | 1 |
_aRomero Butten, Carlos _eaut |
|
| 245 | 0 |
_aTratado Elemental de Derecho Civil / _cCarlos P. Romero Butten |
|
| 260 | _c2001 | ||
| 264 | 1 |
_aSanto Domingo, República Dominicana : _bSoto Castillo, S. A. _c2001 |
|
| 264 | 4 | _c©2001 | |
| 300 |
_axx, 335 páginas : _c20 cm. |
||
| 336 |
_2rdacontent _atexto _btxt |
||
| 337 |
_2rdamedia _asin mediación _bn |
||
| 338 |
_2rdacarrier _avolumen _bnc |
||
| 504 | _aContiene Información Bibliográfica a Final de la Obra. | ||
| 505 | 2 | _aEl Derecho -- Derecho Civil -- Las Fuentes del Derecho Civil -- Nuestra Organización Judicial y Régimen de la Nueva Ley 50-00 -- Las Personas -- Las Lagunas del Sistema del Estado Civil y Medios para Remediarlas -- El Matrimonio y el Divorcio -- La Filiación -- Sobre las Incapacidades -- La Emancipación -- De los Bienes -- Los Derechos Reales Principales -- La Posesión -- Teoría General de las Obligaciones -- Los Contratos -- El Consentimiento. Vicios del Consentimiento -- Objeto y Causa de la Obligación y del Contratos -- Modalidades de las Obligaciones -- Prueba de las Obligaciones -- Transmisión de las Obligaciones -- Los Principales Contratos -- La Permuta -- El Arrepentimiento -- Otros Contratos -- Las Garantías, los Privilegios y las Hipotecas -- Las Hipotecas -- Contrato de Licencia de Derecho de Autor -- Noción de Responsabilidad Civil -- Dos Regímenes Matrimoniales -- Transmisión de los Bienes por Causa de Muerte -- Los Testamentos -- Donaciones entre Vivos. | |
| 942 |
_2ddc _cBK _n0 |
||
| 999 |
_c16241 _d16241 |
||